| 000 | 01111cam a2200277 a 4500 | ||
|---|---|---|---|
| 001 | 673534 | ||
| 003 | NUST-PNEC | ||
| 005 | 20170116180733.0 | ||
| 008 | 951024s1996 njua 001 0 eng | ||
| 010 | _a 95046588 | ||
| 020 | _a0133996840 | ||
| 040 | _cPNEC | ||
| 050 | 0 | 0 |
_aQA76.76.O63 _bH685 1996 |
| 082 | 0 | 0 |
_a005.4469 HOU _220 |
| 100 | 1 | _aHoutz, Phillip. | |
| 245 | 1 | 0 |
_aAIX for breakfast : a guide for programmers and system administrators / _cPhillip Houtz. |
| 260 |
_aUpper Saddle River, NJ : _bPrentice Hall PTR, _cc1996. |
||
| 300 |
_axi, 498 p. : _bill. ; _c24 cm. |
||
| 500 | _aIncludes index. | ||
| 630 | 0 | 0 | _aAIX (Computer file) |
| 650 | 0 |
_aOperating systems (Computers) _xMIS, Computer |
|
| 856 | _uhttp://www.amazon.com/Aix-Breakfast-Programmers-System-Administrators/dp/0133996840/ref=sr_1_1?s=books&ie=UTF8&qid=1417369749&sr=1-1&keywords=0133996840 | ||
| 906 |
_a7 _bcbc _corignew _d1 _eocip _f19 _gy-gencatlg |
||
| 942 |
_2ddc _cBK |
||
| 999 |
_c61862 _d61862 |
||